| 000 | 00765cam a2200217 4500 | ||
|---|---|---|---|
| 008 | 000000n2000 000 0 eng u | ||
| 035 | _a(Sirsi) u108200 | ||
| 245 | _aInvestment creates jobs in Plymouth | ||
| 260 | _c2000 | ||
| 490 |
_aDTI News Release _v(P/2000/601)5 September 2000,(2) |
||
| 520 | _aThe Secretary of State welcomes £32.2m overseas investment by opto-electronic component manufacturer, JDS Uniphase, in Plymouth. The DTI-backed investment is forecast to create more than 1,000 new jobs in the region. | ||
| 590 | _aWB | ||
| 650 | _aINVESTMENT | ||
| 650 | _aREGIONAL SELECTIVE ASSISTANCE | ||
| 650 | _aEMPLOYMENT | ||
| 650 | _aPLYMOUTH | ||
| 650 | _aDEVON | ||
| 650 | _aSOUTH WEST ENGLAND | ||
| 690 | _aECONOMIC ISSUES | ||
| 942 | _n0 | ||
| 999 |
_c64629 _d64629 |
||